00437nam a22001457a 450000500170000001000150001702000260003203500140005803700100007208200120008224500620009426000350015627000780019130000220026920250707143816.0 aENG-145759 a9789357433372c465.00 aEN-129291 bDBAD/ a320.101 aIgniting Collective Goodness/cNational Book Trust, India aNew DelhibNational Book Trust aNehru Bhawan,5 Institutional Area, Phase-2 Vasant KunjbNew Delhie110070 a342p.c21.5cm(pb)